000 00303nam a2200121 a 4500
005 20140414093848.0
008 110322s19uu xx uuu eng d
050 _aCT
_bPHI vol 3
245 _aPhilippine folk dances :
_bvol. 3.
260 _aPhilippines :
_bConcorde.
942 _cAVM
999 _c109739
_d109739